000 00706nam a2200205Ii 4500
003 JO-AjNU
008 230605s9999||||xx |||||||||||||| ||und||
017 _a582
040 _aJO-AjNU
_bara
_erda
_cJO-AjNU
041 _aara
050 1 4 _aLA126.H3
100 3 _aالحمداني، موفق، م.مشارك عباس، نوري,
_eauthor
_936149
245 0 0 _aالمستحدثات التربوية
264 3 1 _aبغداد:وزارة التعليم العالي والبحث العلمي،1982
300 _a155ص
336 _atext
_btxt
_2rdacontent
337 _aunmediated
_bn
_2rdamedia
338 _avolume
_bnc
_2rdacarrier
650 4 _aالتعليم،المستجدات التربوية
_936150
999 _aA14992
_c18560
_d18560